Documentos y noticias sobre los Duques de Baena en la primera mitad del siglo XVIII / (Record no. 182809)

MARC details
000 -LEADER
campo de control de longitud fija 00781nam a2200169 i 4500
001 - NÚMERO DE CONTROL
campo de control 182809
003 - IDENTIFICADOR DE NÚMERO DE CONTROL
campo de control ES-MaACL
005 - FECHA Y HORA DE LA ÚLTIMA TRANSACCIÓN
campo de control 20230906221722.0
008 - DATOS DE LONGITUD FIJA--INFORMACIÓN GENERAL
campo de control de longitud fija 131106s1990 sp |||| | spa d
100 0# - ENTRADA PRINCIPAL--NOMBRE DE PERSONA
Nombre de persona Herrera García, Antonio.
9 (RLIN) 63220
245 10 - MENCIÓN DEL TÍTULO
Título Documentos y noticias sobre los Duques de Baena en la primera mitad del siglo XVIII /
Mención de responsabilidad, etc. Antonio Herrera Garcia.
260 ## - PUBLICACIÓN, DISTRIBUCIÓN, ETC.
Lugar de publicación, distribución, etc. Baena :
Nombre del editor, distribuidor, etc. [s.n.],
Fecha de publicación, distribución, etc. 1990.
300 ## - DESCRIPCIÓN FÍSICA
Extensión P. 459-470 ;
Dimensiones 24 cm.
595 ## -
-- Separata de: Actas del VIII congreso de profesores-investigadores celebrado en Baena del 11 al 13 de septiembre de 1989 / "Hesperides", Asociacion de Profesores de Geografia e Historia de Bachillerato de Andalucia.
600 14 - PUNTO DE ACCESO ADICIONAL DE MATERIA--NOMBRE DE PERSONA
Nombre de persona Baena, Casa de.
9 (RLIN) 153786
852 ## - LOCALIZACIÓN
Ubicación ES-MaACL
Número de control de estantería 2329-F-21
Nota libre .- Dedicatoria manuscrita del autor
Holdings
Estatus retirado Estado de pérdida Estado de daño No para préstamo Colección Biblioteca de origen Biblioteca actual Ubicación en estantería Fecha de adquisición Fuente de adquisición Total de préstamos Signatura topográfica completa Código de barras Visto por última vez Precio de reemplazo Tipo de ítem Koha
        Colección de folletos Biblioteca del Ateneo de Madrid Biblioteca del Ateneo de Madrid Depósito folletos 06/11/2013     2329-F-21 1192125 23/02/2023 23/02/2023 Folleto